Research handbook on intellectual property and competition law / (Record no. 612988)

000 -LEADER
fixed length control field 01150cam a22003254a 4500
001 - CONTROL NUMBER
control field 15361424
005 - DATE AND TIME OF LATEST TRANSACTION
control field 20250227105013.0
008 - FIXED-LENGTH DATA ELEMENTS--GENERAL INFORMATION
fixed length control field 080710s2008 enk b 001 0 eng
010 ## - LIBRARY OF CONGRESS CONTROL NUMBER
LC control number 2008932899
015 ## - NATIONAL BIBLIOGRAPHY NUMBER
National bibliography number GBA800851
Source bnb
016 7# - NATIONAL BIBLIOGRAPHIC AGENCY CONTROL NUMBER
Record control number 014476565
Source Uk
020 ## - INTERNATIONAL STANDARD BOOK NUMBER
International Standard Book Number 9781845420475 (hbk.)
020 ## - INTERNATIONAL STANDARD BOOK NUMBER
International Standard Book Number 1845420470 (hbk.)
035 ## - SYSTEM CONTROL NUMBER
System control number (OCoLC)ocn271769593
040 ## - CATALOGING SOURCE
Original cataloging agency UKM
Transcribing agency UKM
Modifying agency CWL
-- BWX
-- YDXCP
-- BAKER
-- BTCTA
-- BWK
-- NLGGC
-- NDL
-- VRL
-- DLC
041 0# - LANGUAGE CODE
Language code of text/sound track or separate title eng
042 ## - AUTHENTICATION CODE
Authentication code ukblcatcopy
-- lccopycat
050 00 - LIBRARY OF CONGRESS CALL NUMBER
Classification number K1401
Item number .R468 2008
082 04 - DEWEY DECIMAL CLASSIFICATION NUMBER
Classification number 346.048
Edition number 22
245 00 - TITLE STATEMENT
Title Research handbook on intellectual property and competition law /
Statement of responsibility, etc. edited by Josef Drexl.
260 ## - PUBLICATION, DISTRIBUTION, ETC.
Place of publication, distribution, etc. Cheltenham, UK :
-- Northampton, MA :
Name of publisher, distributor, etc. E. Elgar,
Date of publication, distribution, etc. c2008.
300 ## - PHYSICAL DESCRIPTION
Extent xix, 490 p. ;
Dimensions 25 cm.
504 ## - BIBLIOGRAPHY, ETC. NOTE
Bibliography, etc. note Includes bibliographical references and index.
650 #0 - SUBJECT ADDED ENTRY--TOPICAL TERM
Topical term or geographic name entry element Intellectual property
General subdivision Economic aspects.
9 (RLIN) 127993
650 #0 - SUBJECT ADDED ENTRY--TOPICAL TERM
Topical term or geographic name entry element Restraint of trade.
9 (RLIN) 102936
700 1# - ADDED ENTRY--PERSONAL NAME
Personal name Drexl, Josef.
9 (RLIN) 127994
906 ## - LOCAL DATA ELEMENT F, LDF (RLIN)
a 7
b cbc
c copycat
d 2
e epcn
f 20
g y-gencatlg
942 ## - ADDED ENTRY ELEMENTS (KOHA)
Source of classification or shelving scheme
Koha item type Book
Holdings
Withdrawn status Lost status Source of classification or shelving scheme Damaged status Not for loan Permanent Location Current Location Date acquired Total Checkouts Full call number Barcode Date last seen Price effective from Koha item type
          NUST Law School (NLS) NUST Law School (NLS) 02/27/2025   346.048 NLS-87 02/27/2025 02/27/2025 Book
          NUST Law School (NLS) NUST Law School (NLS) 06/28/2025   346.048 RES NLS-2816 06/28/2025 06/28/2025 Book
          NUST Law School (NLS) NUST Law School (NLS) 06/28/2025   346.048 RES NLS-2817 06/28/2025 06/28/2025 Book
          NUST Law School (NLS) NUST Law School (NLS) 06/28/2025   346.048 RES NLS-2818 06/28/2025 06/28/2025 Book
© 2023 Central Library, National University of Sciences and Technology. All Rights Reserved.